Fundamentals of physics / (Record no. 1906)
[ view plain ]
| 000 -LEADER | |
|---|---|
| fixed length control field | 00620nam a22002417a 4500 |
| 001 - CONTROL NUMBER | |
| control field | 1906 |
| 003 - CONTROL NUMBER IDENTIFIER | |
| control field | OSt |
| 005 - DATE AND TIME OF LATEST TRANSACTION | |
| control field | 20260407030355.0 |
| 008 - FIXED-LENGTH DATA ELEMENTS--GENERAL INFORMATION | |
| fixed length control field | 260407b |||||||| |||| 00| 0 eng d |
| 020 ## - INTERNATIONAL STANDARD BOOK NUMBER | |
| International Standard Book Number | 9781119773511 |
| 040 ## - CATALOGING SOURCE | |
| Transcribing agency | mikki |
| 041 ## - LANGUAGE CODE | |
| Language code of text/sound track or separate title | eng |
| 082 ## - DEWEY DECIMAL CLASSIFICATION NUMBER | |
| Classification number | 530 |
| Item number | HAL |
| 100 ## - MAIN ENTRY--PERSONAL NAME | |
| Personal name | Halliday, David |
| 245 ## - TITLE STATEMENT | |
| Title | Fundamentals of physics / |
| Statement of responsibility, etc. | by David Halliday, Robert Resnick, Jearl Walker. |
| 250 ## - EDITION STATEMENT | |
| Edition statement | 12th ed |
| 260 ## - PUBLICATION, DISTRIBUTION, ETC. | |
| Place of publication, distribution, etc. | Usa: |
| Name of publisher, distributor, etc. | John Wiley & Sons Inc, |
| Date of publication, distribution, etc. | 2021. |
| 300 ## - PHYSICAL DESCRIPTION | |
| Extent | 1444p. : |
| Other physical details | pkb ; |
| Dimensions | 22 cm. |
| 650 ## - SUBJECT ADDED ENTRY--TOPICAL TERM | |
| Topical term or geographic name entry element | Physics |
| 700 ## - ADDED ENTRY--PERSONAL NAME | |
| Personal name | Resnick, Robert |
| 700 ## - ADDED ENTRY--PERSONAL NAME | |
| Personal name | Walker , Jearl |
| 942 ## - ADDED ENTRY ELEMENTS (KOHA) | |
| Source of classification or shelving scheme | Dewey Decimal Classification |
| Koha item type | Books |
| Suppress in OPAC | No |
| Withdrawn status | Lost status | Source of classification or shelving scheme | Damaged status | Not for loan | Home library | Current library | Shelving location | Date acquired | Total checkouts | Full call number | Barcode | Date last seen | Price effective from | Koha item type |
|---|---|---|---|---|---|---|---|---|---|---|---|---|---|---|
| Dewey Decimal Classification | Centerville | Centerville | General stacks | 07/04/2026 | 530 HAL | CPL26040001 | 07/04/2026 | 07/04/2026 | Books | |||||
| Dewey Decimal Classification | Centerville | Centerville | General stacks | 07/04/2026 | 530 HAL | CPL26040002 | 07/04/2026 | 07/04/2026 | Books | |||||
| Dewey Decimal Classification | Centerville | Centerville | General stacks | 07/04/2026 | 530 HAL | CPL26040003 | 07/04/2026 | 07/04/2026 | Books | |||||
| Dewey Decimal Classification | Centerville | Centerville | General stacks | 07/04/2026 | 530 HAL | CPL26040004 | 07/04/2026 | 07/04/2026 | Books | |||||
| Dewey Decimal Classification | Centerville | Centerville | General stacks | 07/04/2026 | 530 HAL | CPL26040005 | 07/04/2026 | 07/04/2026 | Books |